[Event "?"]
[Site "ICS rated blitz match, 192.23"]
[Date "1997.??.??"]
[Round "?"]
[White "Brause"]
[Black "oldtimer"]
[Result "1-0"]
[WhiteElo "2665"]
[BlackElo "2520"]
[PlyCount "79"]

1. e4 e5 2. Nf3 Nc6 3. Nc3 Nf6 4. Nxe5 Nxe5 5. d4 Ng6 6. e5 Ng8 7. Bc4 d5 8.
Bxd5 Bb4 9. Qf3 Qd7 10. Bxb7 Bxb7 11. Qxb7 Bxc3+ 12. bxc3 Rd8 13. Rb1 N8e7 14.
O-O O-O 15. Ba3 Rfe8 16. Qxa7 Ra8 17. Qc5 Qf5 18. Rfe1 Nf4 19. Bc1 Ne6 20. Qc4
Qxc2 21. Rb2 Qa4 22. Qd3 c5 23. d5 c4 24. Qd2 Nc5 25. d6 Ng6 26. Rb4 Qc6 27.
Qd4 Ra4 28. Rxa4 Nxa4 29. Bd2 Nb6 30. f4 Nd7 31. Re4 Ra8 32. Qxc4 Qxc4 33. Rxc4
Rxa2 34. Be1 h5 35. Rc8+ Kh7 36. Rc7 Nxf4 37. Rxd7 Rxg2+ 38. Kh1 Rc2 39. Rxf7
Rc1 40. Rxf4 1-0

[Event "?"]
[Site "ICS rated blitz match, 192.23"]
[Date "1997.??.??"]
[Round "?"]
[White "Brause"]
[Black "oldtimer"]
[Result "1-0"]
[WhiteElo "2675"]
[BlackElo "2510"]
[PlyCount "109"]

1. e4 e5 2. Nf3 Nc6 3. Nc3 Nf6 4. Nxe5 Nxe5 5. d4 Ng6 6. e5 Ng8 7. Bc4 d5 8.
Bxd5 c6 9. Bb3 Bb4 10. O-O Bxc3 11. bxc3 N8e7 12. f4 h5 13. Be3 Bg4 14. Qd3 Qd7
15. Rae1 Bf5 16. Qe2 b5 17. c4 bxc4 18. Bxc4 O-O 19. Qxh5 Bg4 20. Qg5 Qf5 21.
h3 Qxg5 22. fxg5 Be6 23. Bb3 a5 24. Rb1 Rab8 25. Bd2 Ra8 26. Bxe6 fxe6 27.
Rxf8+ Kxf8 28. Rb7 Ke8 29. Kf2 Kd8 30. Ke3 Kc8 31. Rb1 Kc7 32. Ke4 a4 33. Rf1
Rf8 34. Rxf8 Nxf8 35. Bb4 Kd7 36. Bxe7 Kxe7 37. h4 Nh7 38. Kd3 g6 39. Kc4 Nf8
40. Kb4 Nd7 41. Kxa4 Nb6+ 42. Kb3 Nd5 43. a4 Ne3 44. a5 Kd7 45. h5 gxh5 46. g6
Nf5 47. Kc4 Kc7 48. Kb4 Kb7 49. Ka3 Ka6 50. Ka4 Ng7 51. Kb4 Nf5 52. Kc5 Kxa5
53. Kxc6 Ne7+ 54. Kd6 Nxg6 55. g3 1-0

[Event "?"]
[Site "ICS rated blitz match, 192.23"]
[Date "1997.??.??"]
[Round "?"]
[White "Brause"]
[Black "oldtimer"]
[Result "1-0"]
[WhiteElo "2685"]
[BlackElo "2505"]
[PlyCount "33"]

1. e4 e5 2. Nf3 Nc6 3. Nc3 Nf6 4. Nxe5 Nxe5 5. d4 Ng6 6. e5 Ng8 7. Bc4 f5 8.
O-O d6 9. Qe2 dxe5 10. dxe5 c6 11. Rd1 Qc7 12. Bg5 Bb4 13. Rd8+ Qxd8 14. Bxd8
Kxd8 15. Bxg8 Rxg8 16. Qc4 Re8 17. Rd1+ 1-0

[Event "?"]
[Site "ICS rated blitz match, 192.23"]
[Date "1997.??.??"]
[Round "?"]
[White "Brause"]
[Black "oldtimer"]
[Result "1-0"]
[WhiteElo "2695"]
[BlackElo "2495"]
[PlyCount "45"]

1. e4 e5 2. Nf3 Nc6 3. Nc3 Nf6 4. Nxe5 Nxe5 5. d4 Ng6 6. e5 Ng8 7. Bc4 f5 8.
O-O d6 9. Qe2 dxe5 10. dxe5 c6 11. Rd1 Qc7 12. Bg5 Be7 13. Bxe7 N8xe7 14. Rd6
b5 15. Bb3 a5 16. Rad1 Bb7 17. a3 Nf4 18. Qe3 Nfd5 19. Qc5 Rc8 20. e6 O-O 21.
Rd7 Qb8 22. Nxd5 Nxd5 23. Bxd5 1-0

[Event "?"]
[Site "ICS rated blitz match, 192.23"]
[Date "1997.??.??"]
[Round "?"]
[White "Brause"]
[Black "oldtimer"]
[Result "1-0"]
[WhiteElo "2720"]
[BlackElo "2485"]
[PlyCount "76"]

1. e4 e5 2. Nf3 Nc6 3. Nc3 Nf6 4. Nxe5 Nxe5 5. d4 Ng6 6. e5 Ng8 7. Bc4 f5 8.
O-O d6 9. Qe2 dxe5 10. dxe5 c6 11. Rd1 Qe7 12. f4 Be6 13. Rd6 Bxc4 14. Qxc4 Qf7
15. Rxc6 Qxc4 16. Rxc4 N8e7 17. Rc7 Nc6 18. Be3 Rb8 19. Rd1 Be7 20. Rdd7 Nf8
21. Rd2 Bb4 22. Rxg7 Bxc3 23. bxc3 Ne6 24. Rgd7 b6 25. R2d6 Ncd8 26. Rxa7 b5
27. Bb6 O-O 28. Bxd8 Nxd8 29. Re7 Rb7 30. Rxb7 Nxb7 31. Rd5 Ra8 32. Rxb5 Nd8
33. Rb2 Ne6 34. g3 Nc5 35. Rb5 Ne4 36. e6 Nd6 37. Rd5 Ra6 38. c4 Nxc4 1-0

[Event "?"]
[Site "ICS rated blitz match, 192.23"]
[Date "1997.??.??"]
[Round "?"]
[White "Brause"]
[Black "oldtimer"]
[Result "1-0"]
[WhiteElo "2725"]
[BlackElo "2480"]
[PlyCount "113"]

1. e4 e5 2. Nf3 Nc6 3. Nc3 Nf6 4. Nxe5 Nxe5 5. d4 Ng6 6. e5 Ng8 7. Bc4 f5 8.
O-O d6 9. Qe2 dxe5 10. dxe5 c6 11. Rd1 Qe7 12. f4 Be6 13. Rd6 Bxc4 14. Qxc4 Qf7
15. Rxc6 Qxc4 16. Rxc4 Rd8 17. Be3 a6 18. Rc7 b5 19. Rc6 Bb4 20. Rxa6 Bxc3 21.
bxc3 N8e7 22. g3 O-O 23. a4 bxa4 24. R6xa4 Rc8 25. c4 Nc6 26. Rd1 Rfd8 27.
Rxd8+ Nxd8 28. Kf2 Nf8 29. Rb4 Nfe6 30. Ke2 Kf7 31. Kd3 Nc5+ 32. Bxc5 Rxc5 33.
Rb8 Ke7 34. Rb5 Rc7 35. Rb6 Ne6 36. Rb8 Rd7+ 37. Ke3 Nc5 38. Rc8 Ne6 39. c3 Rc7
40. Rxc7+ Nxc7 41. Kd4 Kd7 42. Kc5 Ne6+ 43. Kb6 Nc7 44. c5 Nd5+ 45. Kb7 Ne7 46.
c4 g6 47. Kb6 Kc8 48. c6 Kb8 49. c7+ Kc8 50. h3 h6 51. h4 h5 52. e6 Ng8 53. Kc6
Nf6 54. Kd6 Ne4+ 55. Ke7 Nxg3 56. Kf7 Ne4 57. c5 1-0

[Event "?"]
[Site "ICS rated blitz match, 192.23"]
[Date "1997.??.??"]
[Round "?"]
[White "Brause"]
[Black "oldtimer"]
[Result "1/2-1/2"]
[WhiteElo "2730"]
[BlackElo "2475"]
[PlyCount "132"]

1. e4 e5 2. Nf3 Nc6 3. Nc3 Nf6 4. Nxe5 Nxe5 5. d4 Ng6 6. e5 Ng8 7. Bc4 d5 8.
Bxd5 c6 9. Bb3 Bb4 10. O-O Bxc3 11. bxc3 Be6 12. Qh5 Qh4 13. Qxh4 Nxh4 14. Bxe6
fxe6 15. Rb1 b6 16. Bg5 Ng6 17. h3 h6 18. Bd2 O-O-O 19. Rfe1 N8e7 20. Re4 h5
21. Bg5 b5 22. c4 bxc4 23. Rb4 Rd7 24. Rxc4 Kc7 25. Bd2 Rb8 26. Bb4 Kd8 27. a3
Rb5 28. Kh2 Ke8 29. Bc3 Kf7 30. h4 c5 31. a4 Rbb7 32. Rxc5 Nd5 33. Ba5 Nb6 34.
Bxb6 axb6 35. Rc3 Rdc7 36. Rf3+ Kg8 37. g4 Rxc2 38. gxh5 Ne7 39. h6 Nd5 40. Rg4
Kh7 41. Rxg7+ Rxg7 42. hxg7 Kxg7 43. Kg1 Rc3 44. Rg3+ Rxg3+ 45. fxg3 Nc3 46.
Kf2 Nxa4 47. Ke3 b5 48. Kd3 Nb6 49. g4 Kg6 50. Kc3 Nd5+ 51. Kd3 Kh6 52. Ke4 b4
53. Kd3 b3 54. Kd2 Kg6 55. Kc1 Ne3 56. Kb2 Nxg4 57. Kxb3 Ne3 58. Kb4 Nd5+ 59.
Kc5 Kh5 60. Kd6 Nf4 61. d5 exd5 62. e6 Nxe6 63. Kxd5 Nf4+ 64. Kd6 Kg4 65. Ke7
Ng6+ 66. Ke8 Nxh4 1/2-1/2

[Event "?"]
[Site "ICS rated blitz match, 192.23"]
[Date "1997.??.??"]
[Round "?"]
[White "Brause"]
[Black "oldtimer"]
[Result "0-1"]
[WhiteElo "2720"]
[BlackElo "2485"]
[PlyCount "138"]

1. e4 e5 2. Nf3 Nc6 3. Nc3 Nf6 4. Nxe5 Nxe5 5. d4 Ng6 6. e5 Ng8 7. Bc4 d5 8.
Bxd5 c6 9. Bb3 Bb4 10. O-O Bxc3 11. bxc3 Be6 12. Qh5 Qh4 13. Qxh4 Nxh4 14. Bxe6
fxe6 15. Rb1 b6 16. Ba3 Ne7 17. Bc1 Nd5 18. Rb3 b5 19. g3 Ng6 20. Ba3 a5 21.
Bc5 a4 22. Ra3 h5 23. Rd1 Nge7 24. Kh1 Rf8 25. Kg2 Kd7 26. Re1 g5 27. f3 Rf7
28. Re4 Nc8 29. c4 bxc4 30. h4 gxh4 31. Rxh4 Rf5 32. g4 hxg4 33. fxg4 Rf7 34.
Rf3 Rxf3 35. Kxf3 Nce7 36. Rh7 Rg8 37. Kg3 Ke8 38. Kf3 Rf8+ 39. Kg3 Rf1 40.
Rh8+ Kf7 41. Rh7+ Kg8 42. Rxe7 Nxe7 43. Bxe7 Rc1 44. a3 Rxc2 45. Kf4 Rb2 46.
Ke4 Rg2 47. Kf3 Rg1 48. Ke3 Rxg4 49. Kd2 Rg3 50. Bb4 Kf7 51. Kc2 Kg6 52. Bc3
Kf5 53. Bb4 Rb3 54. Be7 Ke4 55. Bc5 c3 56. Ba7 Rxa3 57. Bc5 Rb3 58. Ba7 Rb5 59.
Bc5 Rxc5 60. dxc5 Kd4 61. Kc1 Kd3 62. Kd1 a3 63. Ke1 Ke3 64. Kd1 a2 65. Kc2
a1=Q 66. Kb3 Kd3 67. Kb4 c2 68. Kb3 c1=R 69. Kb4 Rb1# 0-1

[Event "?"]
[Site "ICS rated blitz match, 192.23"]
[Date "1997.??.??"]
[Round "?"]
[White "Brause"]
[Black "Dorobanov"]
[Result "1-0"]
[WhiteElo "2695"]
[BlackElo "2530"]
[PlyCount "89"]

1. e4 e5 2. Nf3 Nc6 3. Nc3 Nf6 4. Nxe5 Nxe5 5. d4 Ng6 6. e5 Ng8 7. Bc4 d5 8.
Bxd5 N8e7 9. Bb3 Nc6 10. Qf3 Qe7 11. Qd3 Qb4 12. Be3 Be6 13. a3 Qa5 14. Bxe6
fxe6 15. O-O Qa6 16. Qxa6 bxa6 17. Rad1 Rb8 18. b4 a5 19. b5 Nce7 20. Rfe1 Nd5
21. Nxd5 exd5 22. a4 Bb4 23. Rf1 O-O 24. f4 Ne7 25. Rd3 Nf5 26. Bf2 h5 27. Rh3
g6 28. c3 Be7 29. c4 dxc4 30. Rc3 Rfd8 31. Rxc4 Rd7 32. e6 Rd6 33. Rxc7 Rxe6
34. Rxa7 Bb4 35. d5 Re7 36. b6 Rxa7 37. bxa7 Ra8 38. Rd1 Kf7 39. Bb6 Ke7 40.
Rc1 Nd6 41. Rc7+ Kf6 42. Kf2 Nc8 43. Bd4+ Kf5 44. Kf3 Nd6 45. Re7 1-0

[Event "?"]
[Site "ICS rated blitz match, 192.23"]
[Date "1997.??.??"]
[Round "?"]
[White "Brause"]
[Black "Dorobanov"]
[Result "1-0"]
[WhiteElo "2705"]
[BlackElo "2520"]
[PlyCount "27"]

1. e4 e5 2. Nf3 Nc6 3. Nc3 Nf6 4. Nxe5 Nxe5 5. d4 Ng6 6. e5 Ng8 7. Bc4 d5 8.
Bxd5 c6 9. Bb3 Be6 10. O-O Bb4 11. Ne4 Bxb3 12. axb3 f5 13. Ng5 Qd7 14. e6 1-0

[Event "?"]
[Site "ICS rated blitz match, 192.23"]
[Date "1997.??.??"]
[Round "?"]
[White "Brause"]
[Black "Dorobanov"]
[Result "1-0"]
[WhiteElo "2715"]
[BlackElo "2515"]
[PlyCount "67"]

1. e4 e5 2. Nf3 Nc6 3. Nc3 Nf6 4. Nxe5 Nxe5 5. d4 Ng6 6. e5 Ng8 7. Bc4 d5 8.
Bxd5 c6 9. Bb3 Bb4 10. O-O Bxc3 11. bxc3 Be6 12. f4 N8e7 13. g4 Bxb3 14. cxb3
O-O 15. f5 Nh8 16. f6 Nd5 17. fxg7 Kxg7 18. Qf3 Ng6 19. Ba3 Qh4 20. Bxf8+ Rxf8
21. c4 Ndf4 22. Rae1 h5 23. gxh5 Rh8 24. Qg3 Rxh5 25. Qxh4 Rxh4 26. Re3 Nh3+
27. Kh1 Ng5 28. d5 cxd5 29. cxd5 Rd4 30. e6 fxe6 31. dxe6 Ne7 32. Re5 Kh6 33.
a4 Rd6 34. h4 1-0

[Event "?"]
[Site "ICS rated blitz match, 192.23"]
[Date "1997.??.??"]
[Round "?"]
[White "Brause"]
[Black "brit"]
[Result "1-0"]
[WhiteElo "2730"]
[BlackElo "2040"]
[PlyCount "38"]

1. e4 e5 2. Nf3 Nc6 3. Nc3 Nf6 4. Nxe5 Nxe5 5. d4 Nc6 6. d5 Nb8 7. e5 Ng8 8. d6
cxd6 9. exd6 Qf6 10. Nb5 Na6 11. Bc4 Qe5+ 12. Be3 f5 13. O-O Kd8 14. Bxa7 Rxa7
15. Nxa7 Bxd6 16. g3 Nf6 17. Nb5 Bb8 18. Nd4 b6 19. Nc6+ Kc7 1-0

[Event "?"]
[Site "ICS rated blitz match, 192.23"]
[Date "1997.??.??"]
[Round "?"]
[White "Brause"]
[Black "brit"]
[Result "1-0"]
[WhiteElo "2735"]
[BlackElo "2040"]
[PlyCount "69"]

1. e4 e5 2. Nf3 Nc6 3. Nc3 Nf6 4. Nxe5 Nxe5 5. d4 Ng6 6. e5 Ng8 7. Bc4 Bb4 8.
Qf3 Qe7 9. O-O Bxc3 10. bxc3 Nh6 11. g3 O-O 12. Qh5 Kh8 13. Bxh6 gxh6 14. f4 f5
15. Bd3 d5 16. exd6 Qxd6 17. Qxh6 Bd7 18. Rfd1 Bc6 19. Bf1 Qd5 20. Qh5 Rae8 21.
Kf2 Qe4 22. Qe2 Qh1 23. d5 Rxe2+ 24. Bxe2 Qxh2+ 25. Ke1 Re8 26. Kd2 Qxe2+ 27.
Kc1 Ba4 28. Rd2 Qe1+ 29. Kb2 Qxd2 30. Rc1 Re2 31. g4 Bxc2 32. Rxc2 Qxc2+ 33.
Ka3 Qxa2+ 34. Kb4 Rb2+ 35. Kc5 1-0

[Event "?"]
[Site "ICS rated blitz match, 192.23"]
[Date "1997.??.??"]
[Round "?"]
[White "Brause"]
[Black "brit"]
[Result "1-0"]
[WhiteElo "2735"]
[BlackElo "2035"]
[PlyCount "35"]

1. e4 e5 2. Nf3 Nc6 3. Nc3 Nf6 4. Nxe5 Nxe5 5. d4 Ng6 6. e5 Ng8 7. Bc4 d6 8.
Qf3 Be6 9. Qxb7 Bxc4 10. Qc6+ Ke7 11. exd6+ cxd6 12. Qxc4 Nf6 13. O-O Ke8 14.
Qc6+ Nd7 15. Nb5 Rc8 16. Re1+ Be7 17. Nxd6+ Kf8 18. Qxc8 1-0

[Event "?"]
[Site "ICS rated blitz match, 192.23"]
[Date "1997.??.??"]
[Round "?"]
[White "Brause"]
[Black "brit"]
[Result "1-0"]
[WhiteElo "2735"]
[BlackElo "2035"]
[PlyCount "25"]

1. e4 e5 2. Nf3 Nc6 3. Nc3 Nf6 4. Nxe5 Nxe5 5. d4 Ng6 6. e5 Ng8 7. Bc4 c6 8.
Qf3 Qe7 9. O-O Nh6 10. Bxh6 gxh6 11. Ne4 Bg7 12. Nd6+ Kf8 13. Nxf7 1-0

[Event "?"]
[Site "ICS rated blitz match, 192.23"]
[Date "1997.??.??"]
[Round "?"]
[White "Brause"]
[Black "brit"]
[Result "1-0"]
[WhiteElo "2735"]
[BlackElo "2035"]
[PlyCount "33"]

1. e4 e5 2. Nf3 Nc6 3. Nc3 Nf6 4. Nxe5 Nxe5 5. d4 Nc6 6. d5 Nb8 7. e5 Ng8 8. d6
cxd6 9. exd6 Qb6 10. Nb5 Na6 11. Qe2+ Kd8 12. Be3 Qa5+ 13. c3 Nf6 14. Qc4 Nb8
15. b4 Qa6 16. Qc7+ Ke8 17. Qxc8# 1-0

[Event "?"]
[Site "ICS rated blitz match, 192.23"]
[Date "1997.??.??"]
[Round "?"]
[White "Brause"]
[Black "brit"]
[Result "1-0"]
[WhiteElo "2735"]
[BlackElo "2035"]
[PlyCount "31"]

1. e4 e5 2. Nf3 Nc6 3. Nc3 Nf6 4. Nxe5 Nxe5 5. d4 Ng6 6. e5 Ng8 7. Bc4 Bb4 8.
Qf3 Qe7 9. O-O Bxc3 10. bxc3 Rb8 11. Re1 b5 12. Rb1 a6 13. Qg3 Bb7 14. Bg5 Qf8
15. e6 d5 16. Qxc7 1-0

[Event "?"]
[Site "ICS rated blitz match, 192.23"]
[Date "1997.??.??"]
[Round "?"]
[White "Brause"]
[Black "brit"]
[Result "1-0"]
[WhiteElo "2740"]
[BlackElo "2035"]
[PlyCount "51"]

1. e4 e5 2. Nf3 Nc6 3. Nc3 Nf6 4. Nxe5 Nxe5 5. d4 Ng6 6. e5 Ng8 7. Bc4 d5 8.
Bxd5 Bb4 9. Qf3 Bxc3+ 10. bxc3 Qe7 11. Bxb7 Bxb7 12. Qxb7 Rd8 13. Qxa7 Nh6 14.
Bxh6 gxh6 15. O-O O-O 16. f4 Qh4 17. Kh1 Kh8 18. f5 Ne7 19. f6 Nd5 20. Rf3 Rg8
21. Qa6 Qe4 22. Qd3 Qg4 23. Rg1 Rg5 24. h3 Qe6 25. a4 Rdg8 26. a5 1-0

[Event "?"]
[Site "ICS rated blitz match, 192.23"]
[Date "1997.??.??"]
[Round "?"]
[White "Brause"]
[Black "brit"]
[Result "1-0"]
[WhiteElo "2740"]
[BlackElo "2030"]
[PlyCount "45"]

1. e4 e5 2. Nf3 Nc6 3. Nc3 Nf6 4. Nxe5 Nxe5 5. d4 Ng6 6. e5 Bb4 7. exf6 Qxf6 8.
Bc4 O-O 9. O-O Bxc3 10. bxc3 d6 11. Rb1 b6 12. Be3 Be6 13. Bxe6 fxe6 14. Qe2
Rae8 15. Qa6 Nh4 16. f3 Qg6 17. Qe2 e5 18. d5 Nf5 19. Bf2 Ne7 20. Rbd1 Rf7 21.
Bh4 a5 22. Qb5 Nf5 23. Qxe8+ 1-0

[Event "?"]
[Site "ICS rated blitz match, 192.23"]
[Date "1997.??.??"]
[Round "?"]
[White "Brause"]
[Black "brit"]
[Result "1-0"]
[WhiteElo "2740"]
[BlackElo "2030"]
[PlyCount "31"]

1. e4 e5 2. Nf3 Nc6 3. Nc3 Nf6 4. Nxe5 Nxe5 5. d4 Ng6 6. e5 Ng8 7. Bc4 f6 8.
Qh5 N8e7 9. exf6 gxf6 10. O-O d6 11. Ne4 Nf5 12. Re1 Kd7 13. Qxf5+ Ke7 14.
Nxf6+ Ne5 15. Ng8+ Rxg8 16. Qf7# 1-0

[Event "?"]
[Site "ICS rated blitz match, 192.23"]
[Date "1997.??.??"]
[Round "?"]
[White "Brause"]
[Black "brit"]
[Result "1-0"]
[WhiteElo "2740"]
[BlackElo "2030"]
[PlyCount "33"]

1. e4 e5 2. Nf3 Nc6 3. Nc3 Nf6 4. Nxe5 Nxe5 5. d4 Ng6 6. e5 Qe7 7. f4 Ng8 8.
Bc4 c6 9. O-O d5 10. exd6 Qxd6 11. f5 N6e7 12. Bxf7+ Kxf7 13. Bf4 Qf6 14. Ne4
Qh4 15. Nd6+ Kf6 16. Be5+ Kg5 17. Nf7# 1-0

[Event "?"]
[Site "ICS rated blitz match, 192.23"]
[Date "1997.??.??"]
[Round "?"]
[White "Jakob, Steffen"]
[Black "TnMaster"]
[Result "1-0"]
[WhiteElo "2005"]
[BlackElo "1935"]
[PlyCount "29"]

1. e4 e5 2. Nc3 Nc6 3. Nf3 Nf6 4. Nxe5 Nxe5 5. d4 Nc6 6. d5 Ne5 7. f4 Ng6 8. e5
Ng4 9. Qxg4 d6 10. e6 fxe6 11. dxe6 Qe7 12. f5 Ne5 13. Qh5+ Kd8 14. Bg5 g6 15.
Bxe7+ 1-0

[Event "?"]
[Site "ICS rated blitz match, 192.23"]
[Date "1997.??.??"]
[Round "?"]
[White "Jakob, Steffen"]
[Black "Madz"]
[Result "1-0"]
[WhiteElo "1975"]
[BlackElo "2710"]
[PlyCount "29"]

1. e4 e5 2. Nf3 Nc6 3. Nc3 Nf6 4. Nxe5 Nxe5 5. d4 Nc6 6. d5 Ne7 7. e5 Nfg8 8.
d6 Nc6 9. Nb5 cxd6 10. exd6 Qf6 11. Nc7+ Kd8 12. Nxa8 Bxd6 13. h4 Bc5 14. Bg5
Bxf2+ 15. Kd2 1-0

[Event "?"]
[Site "ICS rated blitz match, 164.58"]
[Date "1997.??.??"]
[Round "?"]
[White "Brause"]
[Black "ThingTwo"]
[Result "1-0"]
[WhiteElo "2265"]
[BlackElo "2220"]
[PlyCount "99"]

1. e4 e5 2. Nf3 Nc6 3. Nc3 Nf6 4. Nxe5 Nxe5 5. d4 Ng6 6. e5 Ng8 7. Bc4 d5 8.
Bxd5 c6 9. Be4 Be6 10. f4 Bb4 11. O-O Bc4 12. Re1 Qh4 13. f5 N6e7 14. f6 Bxc3
15. g3 Bxe1 16. gxh4 gxf6 17. Qxe1 fxe5 18. Qg3 O-O-O 19. Qxe5 f6 20. Qc5 Bd5
21. Bxd5 Nxd5 22. Qxa7 Nge7 23. c4 Nc7 24. Bf4 Rhg8+ 25. Kf2 Rg4 26. Bxc7 Kxc7
27. Qa5+ Kd7 28. d5 Rxh4 29. d6 Rxh2+ 30. Kg3 Re2 31. Rd1 Ng6 32. Qc7+ Ke8 33.
Qxh7 Rxd6 34. Qxg6+ Kd7 35. Rxd6+ Kxd6 36. Qd3+ Ke5 37. Qxe2+ Kd6 38. Kf4 Kc5
39. Qe7+ Kxc4 40. Qxb7 Kc5 41. a3 Kd5 42. Qf7+ Kc5 43. Qe7+ Kd5 44. b4 c5 45.
Qxc5+ Ke6 46. Qc6+ Ke7 47. Kf5 Kf7 48. Qc7+ Ke8 49. Kxf6 Kf8 50. Qd8# 1-0

[Event "?"]
[Site "ICS rated blitz match, 164.58"]
[Date "1997.??.??"]
[Round "?"]
[White "Brause"]
[Black "scriabin"]
[Result "1-0"]
[WhiteElo "2295"]
[BlackElo "2080"]
[PlyCount "81"]

1. e4 e5 2. Nf3 Nc6 3. Nc3 Nf6 4. Nxe5 Nxe5 5. d4 Ng6 6. e5 Ng8 7. Bc4 d6 8.
Qf3 Qd7 9. O-O c6 10. exd6 Bxd6 11. Re1+ Kd8 12. Qxf7 Qxf7 13. Bxf7 Nf6 14. Bg5
Rf8 15. Bxg6 hxg6 16. Ne4 Kc7 17. Nxd6 Kxd6 18. Bf4+ Kd7 19. f3 b6 20. c4 Ba6
21. Rac1 Rae8 22. Be5 Ke6 23. Re3 Kf7 24. Ra3 Bc8 25. Rxa7+ Re7 26. Rxe7+ Kxe7
27. c5 b5 28. Bd6+ Kf7 29. Bxf8 Kxf8 30. a4 Ba6 31. a5 Nd5 32. Re1 Kf7 33. g3
Nb4 34. Re3 Nc2 35. Re4 g5 36. h4 gxh4 37. gxh4 Na1 38. Re5 Nb3 39. d5 cxd5 40.
Rxd5 Nxa5 41. Rd7+ 1-0

[Event "?"]
[Site "ICS rated blitz match, 164.58"]
[Date "1997.??.??"]
[Round "?"]
[White "Brause"]
[Black "plannine"]
[Result "1-0"]
[WhiteElo "2300"]
[BlackElo "1860"]
[PlyCount "25"]

1. e4 e5 2. Nf3 Nc6 3. Nc3 Nf6 4. Nxe5 Nxe5 5. d4 Nc6 6. d5 Nb8 7. e5 Ng8 8. d6
c6 9. Bc4 b5 10. Bb3 f5 11. O-O g6 12. Nxb5 cxb5 13. Qd5 1-0

[Event "?"]
[Site "ICS rated blitz match, 164.58"]
[Date "1997.??.??"]
[Round "?"]
[White "Brause"]
[Black "Arycanda"]
[Result "1-0"]
[WhiteElo "2305"]
[BlackElo "2845"]
[PlyCount "37"]

1. e4 e5 2. Nf3 Nc6 3. Nc3 Nf6 4. Nxe5 Nxe5 5. d4 Nc6 6. d5 Ne5 7. f4 Ng6 8. e5
Ng8 9. d6 cxd6 10. exd6 Qf6 11. Nb5 Kd8 12. Be3 b6 13. Qd5 Rb8 14. O-O-O Nxf4
15. Qc4 Ne6 16. Qc7+ Nxc7 17. dxc7+ Ke8 18. cxb8=Q Qc6 19. Nxa7 1-0

[Event "?"]
[Site "ICS rated blitz match, 164.58"]
[Date "1997.??.??"]
[Round "?"]
[White "Brause"]
[Black "JONO"]
[Result "1-0"]
[WhiteElo "2345"]
[BlackElo "2100"]
[PlyCount "39"]

1. e4 e5 2. Nf3 Nc6 3. Nc3 Nf6 4. Nxe5 Nxe5 5. d4 Ng6 6. e5 Ng8 7. Bc4 d5 8.
Bxd5 c6 9. Be4 Bb4 10. O-O N8e7 11. Ne2 Bf5 12. Ng3 Bxe4 13. Nxe4 O-O 14. c3
Ba5 15. Nd6 Qd7 16. f4 Nf5 17. Nc4 Bb6 18. g4 Nfh4 19. f5 Ne7 20. Bg5 1-0

[Event "?"]
[Site "ICS rated blitz match, 164.58"]
[Date "1997.??.??"]
[Round "?"]
[White "Brause"]
[Black "oldtimer"]
[Result "1-0"]
[WhiteElo "2355"]
[BlackElo "2205"]
[PlyCount "135"]

1. e4 e5 2. Nf3 Nc6 3. Nc3 Nf6 4. Nxe5 Nxe5 5. d4 Ng6 6. e5 Ng8 7. Bc4 d5 8.
Bxd5 c6 9. Bb3 Bb4 10. O-O Bxc3 11. bxc3 Be6 12. Qh5 Qd7 13. Ba3 N8e7 14. Qg5
O-O 15. Rfe1 Rfe8 16. Bc5 b6 17. Bxe7 Qxe7 18. Qxe7 Nxe7 19. h3 b5 20. a4 a6
21. Ra3 Rac8 22. axb5 axb5 23. Ra7 Nd5 24. c4 Nc7 25. Rc1 bxc4 26. Ba4 Nb5 27.
Bxb5 cxb5 28. Rb1 Rb8 29. Kf1 b4 30. Ke1 b3 31. cxb3 cxb3 32. Kd2 b2 33. g4 Bd5
34. f3 Rb4 35. Ke2 Rc8 36. Kd3 Rc1 37. Rd7 Kf8 38. Rxb2 Rxb2 39. Rxd5 Rd1+ 40.
Ke4 Re2+ 41. Kf4 Ke7 42. h4 Rd3 43. g5 Rd1 44. h5 Ree1 45. Rd6 Rd3 46. Rd5 Ree3
47. Rb5 Re2 48. Rd5 Ra3 49. Rb5 Ra6 50. Rb7+ Ke6 51. h6 gxh6 52. gxh6 Kd5 53.
Rxf7 Rxh6 54. Rd7+ Kc6 55. Rd8 Kc7 56. Rd5 Rh3 57. Kg4 Rh1 58. Kf5 h5 59. e6 h4
60. Rd7+ Kc8 61. d5 Rd1 62. Kg4 Re5 63. Kxh4 Rdxd5 64. f4 Rf5 65. Kg4 Ra5 66.
Rf7 Rfb5 67. Rf8+ Kc7 68. e7 1-0

[Event "?"]
[Site "ICS rated blitz match, 164.58"]
[Date "1997.??.??"]
[Round "?"]
[White "Brause"]
[Black "oldtimer"]
[Result "1-0"]
[WhiteElo "2185"]
[BlackElo "2190"]
[PlyCount "115"]

1. e4 e5 2. Nf3 Nc6 3. Nc3 Nf6 4. Nxe5 Nxe5 5. d4 Ng6 6. e5 Ng8 7. Bc4 d5 8.
Bxd5 c6 9. Be4 f5 10. Bf3 Bb4 11. O-O N8e7 12. Na4 O-O 13. c3 Ba5 14. b4 Bc7
15. b5 Bb6 16. bxc6 bxc6 17. Bg5 Ba6 18. Bxc6 Rc8 19. Qb3+ Kh8 20. Bb5 Bxb5 21.
Qxb5 f4 22. Rfb1 h6 23. Bxe7 Qxe7 24. Qd3 Qg5 25. Nxb6 Nh4 26. g3 fxg3 27. fxg3
axb6 28. Rf1 Ng6 29. Rxf8+ Rxf8 30. Rf1 Rxf1+ 31. Kxf1 Ne7 32. Kf2 Qf5+ 33.
Qxf5 Nxf5 34. d5 Kg8 35. g4 Ne7 36. d6 Nc6 37. e6 Kf8 38. Ke3 Ke8 39. Ke4 Na5
40. Kd5 Kd8 41. c4 Kc8 42. c5 bxc5 43. Kxc5 Nb7+ 44. Kc6 Na5+ 45. Kd5 Kd8 46.
h3 Nb7 47. h4 Na5 48. h5 Nb7 49. Kc6 Na5+ 50. Kb6 Nc4+ 51. Kc5 Na5 52. a4 Nb7+
53. Kc6 Na5+ 54. Kb6 Nc4+ 55. Kc5 Na5 56. d7 Kc7 57. Kd5 Nc6 58. d8=Q+ 1-0

[Event "?"]
[Site "ICS rated blitz match, 164.58"]
[Date "1997.??.??"]
[Round "?"]
[White "Brause"]
[Black "MrCool"]
[Result "1-0"]
[WhiteElo "2190"]
[BlackElo "1860"]
[PlyCount "117"]

1. e4 e5 2. Nf3 Nc6 3. Nc3 Nf6 4. Nxe5 Nxe5 5. d4 Ng6 6. e5 Ng8 7. Bc4 d5 8.
Bxd5 Bb4 9. Qf3 Qd7 10. Bxb7 Bxb7 11. Qxb7 Bxc3+ 12. bxc3 Rc8 13. Rb1 N8e7 14.
O-O O-O 15. Ba3 Rfe8 16. Bxe7 Rxe7 17. Qxa7 Nf4 18. Rfe1 Qg4 19. g3 Ne2+ 20.
Kg2 Nf4+ 21. Kg1 Re6 22. Qb7 Rf8 23. Qe4 Rg6 24. Kh1 Nh3 25. Qxg4 Nxf2+ 26. Kg1
Nxg4 27. a3 h5 28. Rb7 Rc6 29. Rb3 Ra8 30. h3 Nh6 31. Reb1 Nf5 32. Kf2 Ne7 33.
Ke3 Nd5+ 34. Kd2 Ra4 35. Rf1 Rac4 36. Rb8+ Kh7 37. Rd8 Nxc3 38. Kd3 Nb5 39.
Rxf7 Rxc2 40. Rdd7 R6c3+ 41. Ke4 Re2+ 42. Kd5 c6+ 43. Ke6 Rxg3 44. a4 Na3 45.
a5 Nb5 46. a6 Ra2 47. a7 Rg6+ 48. Kf5 Rg3 49. Ke6 Ra6 50. Rfe7 c5+ 51. Kd5 cxd4
52. e6 d3 53. Kc4 Na3+ 54. Kc5 Rg5+ 55. Kb4 Nc2+ 56. Kc3 Ne1 57. Rf7 Ra3+ 58.
Kb2 Nc2 59. Rxd3 1-0

[Event "?"]
[Site "ICS rated blitz match, 164.58"]
[Date "1997.??.??"]
[Round "?"]
[White "Brause"]
[Black "eraser"]
[Result "1-0"]
[WhiteElo "2195"]
[BlackElo "1980"]
[PlyCount "31"]

1. e4 e5 2. Nf3 Nc6 3. Nc3 Nf6 4. Nxe5 Nxe5 5. d4 Nc6 6. d5 Ne5 7. f4 Ng6 8. e5
Bb4 9. Qd4 Bxc3+ 10. bxc3 Ng4 11. Be2 Qh4+ 12. g3 Qh3 13. Ba3 b6 14. f5 N6xe5
15. Bxg4 Nxg4 16. Qe4+ 1-0

[Event "?"]
[Site "ICS rated blitz match, 164.58"]
[Date "1997.??.??"]
[Round "?"]
[White "Brause"]
[Black "eraser"]
[Result "1-0"]
[WhiteElo "2190"]
[BlackElo "1990"]
[PlyCount "71"]

1. e4 e5 2. Nf3 Nc6 3. Nc3 Nf6 4. Nxe5 Nxe5 5. d4 Ng6 6. e5 Ng8 7. Bc4 d5 8.
Bxd5 Bb4 9. Qf3 Qd7 10. Bxb7 Bxb7 11. Qxb7 Bxc3+ 12. bxc3 Rd8 13. Rb1 N8e7 14.
O-O O-O 15. Ba3 Rfe8 16. Bxe7 Nxe7 17. Rb5 h5 18. Rfb1 Nc8 19. Qf3 g6 20. Rb7
a6 21. Qf6 Re6 22. Qg5 Ne7 23. a3 Kg7 24. Qg3 Nf5 25. Qf4 Rc6 26. Qf3 Qe6 27.
R7b3 Rd5 28. Rb4 Ra5 29. R1b3 Ne7 30. Qd3 Nd5 31. Rb8 Qg4 32. h3 Qg5 33. c4
Qc1+ 34. Kh2 Nb6 35. Qf3 Re6 36. Rb7 1-0

[Event "?"]
[Site "ICS rated blitz match, 164.58"]
[Date "1997.??.??"]
[Round "?"]
[White "Brause"]
[Black "noro"]
[Result "1-0"]
[WhiteElo "2210"]
[BlackElo "1740"]
[PlyCount "45"]

1. e4 e5 2. Nf3 Nc6 3. Nc3 Nf6 4. Nxe5 Nxe5 5. d4 Ng6 6. e5 Ng8 7. Bc4 d6 8.
Qf3 Be6 9. Qxb7 Bxc4 10. Qc6+ Ke7 11. exd6+ cxd6 12. Qxc4 Nf6 13. O-O Qb6 14.
Bg5 Kd7 15. Bxf6 gxf6 16. Rae1 Ne7 17. Qxf7 Re8 18. Nd5 Qc6 19. Nxf6+ Kd8 20.
d5 Qb5 21. c4 Qxc4 22. Qxe8+ Kc7 23. Rc1 1-0